| 000 | 00678nam a2200181Ia 4500 | ||
|---|---|---|---|
| 008 | 100920s9999 xx 000 0 und d | ||
| 082 |
_b27749 _a200 थ 73 |
||
| 100 | _aअनु. देवगिरीकर त्र्यं. र. | ||
| 245 | _aआश्रम भजनावलि. | ||
| 260 |
_bमहाराष्ट्र गांधी-स्मारक-निधि प्रकाशन, पुणे. _c1973 |
||
| 300 |
_a119 _bसाधी |
||
| 365 | _b2 | ||
| 520 | _aधार्मिक. | ||
| 630 | _aआश्रम भजनावलि. | ||
| 650 | _aधार्मिक. | ||
| 730 | _aआश्रम भजनावलि. | ||
| 942 | _cBOOK | ||
| 999 |
_c684425 _d684422 |
||